00627 a2200193 4500001000700000020001800007040002200025041001600047082002400063100003200087245010100119260003200220300000800252362001300260697003200273942000700305952010200312999001900414134875 a85-325-1334-4 cLeonardo Da Vinci aPortuguês a869.93 C328cbC328c aCARVALHO, José Candido de aOlha para o céu, Frederico!bromance acontecido em Campos dos Goitacases nos dias do Gramofone bRoccoc2002aRio de Janeiro a119 a20020000 aLiteraturaaRomanceaBrasil cBK 00104070a71.1b71.1d2024-03-27l0o869.93 C328cpO010307r2024-03-27 22:34:20w2024-03-27yBK c134875d134875